| 000 | 00000nam##2200000za#4500 |
| 001 | 9.613098 |
| 003 | CaOODSP |
| 005 | 20200327130210 |
| 007 | ta |
| 008 | 150406|1996||||xxc||||| f|0| 0 eng|d |
| 022 | |a0706-6473 |
| 040 | |aCaOODSP|beng |
| 043 | |an-cn--- |
| 086 | 1 |aFs97-4/2344E |
| 110 | 1 |aCanada. |bDepartment of Fisheries and Oceans. |
| 245 | 12|aA survey of benthic macroinvertebrates in rivers in Placentia Bay, Newfoundland / |cby M. F. O'Connell and C. W. Andrews. |
| 260 | |aOttawa - Ontario : |bFisheries and Oceans Canada |c1996. |
| 300 | |aiv, 72p. : |bgraphs, maps, references, tables ; |c28 cm. |
| 490 | 1 |aCanadian manuscript report of fisheries and aquatic sciences|x0706-6473|v2344 |
| 546 | |aRésumés en français |
| 563 | |aSoftcover |
| 590 | |a96-22|b1996-05-31 |
| 720 | 1 |aO'Connell, M. F. |
| 720 | 1 |aAndrews, C. W. |
| 776 | 0#|tA Survey of benthic macroinvertebrates in rivers in Placentia Bay, Newfoundland / |w(CaOODSP)9.579571 |
| 830 | #0|aCanadian manuscript report of fisheries and aquatic sciences,|x0706-6473|v2344|w(CaOODSP)9.514688 |